000 00483nam a22001817a 4500
003 MPLRDC
005 20220104174846.0
008 210129b ||||| |||| 00| 0 eng d
020 _a967-67-0702-3
082 _a524.9562 HOO v.1 1987
100 _aKOH MUI HOONG
245 _aPETUNJUK PEPERIKSAAN KURSUS SOAL-JAWAB STPM KIMIA (KERTAS 1)
_c
250 _a第一版
260 _a
_bPUSTAKA DELTA PELAJA
_c1987
300 _b
650 _a
942 _cBK
_o524.9562 HOO v.1 1987
999 _c60069
_d60059